Michael Apted Filmography - Statistics

General Stats
  • This quiz has been taken 3 times
  • The average score is 42 of 134
Answer Stats
Type Year Name % Correct
Film Director 1988 Gorillas in the Mist
67%
Film Director 2017 Unlocked
67%
TV Documentary Production 1998 14 Up in America
33%
TV Documentary Director 1977 21 Up
33%
TV Documentary Production 1977 21 Up
33%
TV Documentary Narrator 1977 21 Up
33%
Documentary Production 2006 21 Up America
33%
TV Documentary Director 1984 28 Up
33%
TV Documentary Production 1984 28 Up
33%
TV Documentary Narrator 1984 28 Up
33%
TV Documentary Director 1991 35 Up
33%
TV Documentary Writer 1991 35 Up
33%
TV Documentary Production 1991 35 Up
33%
TV Documentary Narrator 1991 35 Up
33%
TV Documentary Director 1998 42 Up
33%
TV Documentary Production 1998 42 Up
33%
TV Documentary Narrator 1998 42 Up
33%
TV Documentary Director 2005 49 Up
33%
TV Documentary Production 2005 49 Up
33%
TV Documentary Narrator 2005 49 Up
33%
Documentary Director 2012 56 Up
33%
Documentary Production 2012 56 Up
33%
Documentary Narrator 2012 56 Up
33%
Documentary Mini-Series Director 2019 63 Up
33%
TV Documentary Director 1970 7 Plus Seven
33%
TV Documentary Production 1970 7 Plus Seven
33%
TV Documentary Narrator 1970 7 Plus Seven
33%
Film Director 1979 Agatha
33%
TV Documentary Production 1991 Age 7 in America
33%
TV Film Director 1998 Always Outnumbered
33%
Film Director 2006 Amazing Grace
33%
Documentary Director 2014 Bending the Light
33%
Documentary Production 2014 Bending the Light
33%
Documentary Narrator 2014 Bending the Light
33%
TV Show Director 1969 Big Breadwinner Hog
33%
TV Show Director 1973 Black and Blue
33%
TV Show Director 2005 Blind Justice
33%
Film Director 1993 Blink
33%
Web Series Director 2017 Bloodline
33%
Documentary Series Production 1991 Born in the USSR
33%
Film Production 1992 Bram Stoker's Dracula
33%
Documentary Director 1985 Bring on the Night
33%
Documentary Writer 1985 Bring on the Night
33%
Documentary Appearance 1985 Bring on the Night
33%
Film Director 2012 Chasing Mavericks
33%
TV Show Director 1974 Childhood
33%
TV Show Director 1967-1968 City '68
33%
Film Director 1991 Class Action
33%
Film Director 1980 Coal Miner's Daughter
33%
Film Director 1981 Continental Divide
33%
TV Show Director 1966-1967 Coronation Street
33%
TV Film Production 1990 Criminal Justice
33%
Film Director 1987 Critical Condition
33%
TV Show Director 1992-1993 Crossroads
33%
TV Show Production 1993 Crossroads
33%
Short Film Production 2013 Eddie
33%
Film Director 2001 Enigma
33%
Film Director 2002 Enough
33%
Commercial Director 1993 EPT
33%
TV Show Director 1967 Escape
33%
Film Director 1996 Extreme Measures
33%
Film Director 1984 Firstborn
33%
TV Show Director 1982-1985 First Love
33%
TV Show Director 1971, 1972 Follyfoot
33%
Film Director 1983 Gorky Park
33%
TV Show Director 1976 Great Performances
33%
TV Pilot Director 2011 Hallelujah
33%
TV Film Director 1974 Haunted: Poor Girl
33%
TV Film Director 1973 High Kampf
33%
Documentary Director 1992 Incident at Oglala
33%
Documentary Director 1997 Inspirations
33%
Documentary Production 1997 Inspirations
33%
Documentary Series Production 1992 Intruders
33%
Short Film Production 2000 It's a Shame About Ray
33%
TV Show Director 1968-1972 ITV Playhouse
33%
TV Show Director 1971, 1972 ITV Saturday Night Theatre
33%
TV Film Director 1972 Joy
33%
Short Film Director 2002 Lipstick
33%
TV Documentary Director 2003 Married in America
33%
TV Documentary Director 2006 Married in America 2
33%
TV Documentary Narrator 2006 Married in America 2
33%
TV Show Director 2013-2016 Masters of Sex
33%
TV Show Production 2014 Masters of Sex
33%
Documentary Director 1999 Me & Isaac Newton
33%
Documentary Director 1994 Moving the Mountain
33%
Documentary Writer 1994 Moving the Mountain
33%
TV Film Production 1992 Murder Without Motive: The Edmund Perry Story
33%
TV Show Director 1991 My Life and Times
33%
TV Pilot Director 1999 Nathan Dixon
33%
Film Director 1994 Nell
33%
TV Show Director 1995 New York News
33%
TV Show Director 1969 Parkin's Patch
33%
TV Show Director 1972-1973, 1975, 1977 Play for Today
33%
TV Show Director 1976 Plays for Britain
33%
Documentary Series Director 2007 P.O.V.
33%
Documentary Series Production 2007 P.O.V.
33%
TV Film Director 1982 P'tang, Yang, Kipperbang
33%
TV Show Director 2013, 2016 Ray Donovan
33%
TV Show Director 2014 Reckless
33%
TV Show Director 2005 Rome
33%
TV Show Production 2005 Rome
33%
Documentary Production TBA Section 1591
33%
TV Show Director 1975 Shades of Greene
33%
Film Cameo 1985 Spies Like Us
33%
Film Director 1974 Stardust
33%
Film Director 2010 The Chronicles of Narnia: The Voyage of the Dawn Treader
33%
Documentary Director 2006 The FIFA 2006 World Cup Film: The Grand Finale
33%
TV Show Director 1964-1965 The Headliners
33%
Short Film Production 2016 The Loneliest Time
33%
TV Documentary Director 1989 The Long Way Home
33%
TV Show Director 1970 The Lovers
33%
TV Film Screenplay 1978 The Nativity
33%
TV Film Production 1978 The Nativity
33%
Short Documentary Director 2013 The Nature of Genius
33%
Documentary Director 2007 The Power of the Game
33%
Film Production 1984 The River Rat
33%
TV Show Director 1970 The Sinners
33%
Film Director 1977 The Squeeze
33%
Film Director 1972 The Triple Echo
33%
Film Director 1999 The World Is Not Enough
33%
TV Show Director 1972 Thirty-Minute Theatre
33%
Film Director 1992 Thunderheart
33%
TV Show Director 2006 What About Brian
33%
Documentary Series Director 1963-1998 World in Action
33%
Documentary Series Appearance 1964 World in Action
33%
Documentary Series Appearance 2002 60 Minutes
0%
Documentary Series Appearance 2016 American Masters
0%
Documentary Series Appearance 2010 Biography
0%
Documentary Series Appearance 2004 E! True Hollywood Story
0%
Stage Acting Role 1961 Henry VI, Parts 2 & 3
0%
Music Video Director 1986 I Burn for You
0%
TV Show Appearance 1999 Mad TV
0%
Music Video Director 1986 Moon Over Bourbon Street
0%
Stage Director 1977 Strawberry Fields
0%
No matching quizzes found
Score Distribution
Percent of People with Each Score
Percentile by Number Answered
Your Score History
You have not taken this quiz